000
00205nam a22001097a 4500
082
_a
001.6425BAR
100
_a
Barrett
245
_a
Compiler construction
260
_c
1980
300
_a
504
942
_c
BK
999
_c
15137
_d
15137